000 00490nam a2200193 a 4500
999 _c1931
_d1931
008 191206s ii a|||g |||| 001 0 eng d
040 _aKO
_beng
041 0 _aeng
044 _aii
082 0 4 _223
_a633.83
_bB1792
100 1 _aBakhru, H. K.
245 1 0 _aIndian Spices and Condiments as Natural Healers /
_cH. K. Bakhru
260 _aMumbai :
_bJaico Publishing House,
_c[19--?].
300 _a32 p.;
_c18 cm.
650 0 _aSpices
_zIndia
904 _aA_BOSE
942 _cBK